Catálogo

Vista normal Vista MARC

Entrada Personal Name

Número de registros utilizados en: 1

001 - CONTROL NUMBER

  • control field: 17786

003 - CONTROL NUMBER IDENTIFIER

  • control field: DLC

005 - DATE AND TIME OF LATEST TRANSACTION

  • control field: 20260317124850.0

008 - FIXED-LENGTH DATA ELEMENTS

  • fixed length control field: 091109n| acannaabn |a aaa c

010 ## - LIBRARY OF CONGRESS CONTROL NUMBER

  • LC control number: no2009180120

035 ## - SYSTEM CONTROL NUMBER

  • System control number: (OCoLC)oca08300102

040 ## - CATALOGING SOURCE

  • Original cataloging agency: MX-MxUI
  • Language of cataloging: spa
  • Transcribing agency: MX-MxUI
  • Modifying agency: Mx-PuUPA

046 ## - SPECIAL CODED DATES

  • Birth date: 19161221
  • Death date: 20070731

100 1# - HEADING--PERSONAL NAME

  • Personal name: Pérez Alonso, Manuel Ignacio,
  • Dates associated with a name: 1916-2007

370 ## - ASSOCIATED PLACE

  • Place of birth: Managua, Nicaragua
  • Place of death: San Ignacio, Ciudad de México

374 ## - OCCUPATION

  • Occupation: Jesuita
  • Occupation: Historiador
  • Occupation: Maestro
  • Occupation: Investigador y divulgador

400 1# - SEE FROM TRACING--PERSONAL NAME

  • Personal name: Alonso, Manuel Ignacio Pérez,
  • Dates associated with a name: 1916-2007

670 ## - SOURCE DATA FOUND

  • Source citation: Homilías, 2008:
  • Information found: t.p. (Manuel Ignacio Pérez Alonso); p. 9 (b. Managua, Nicaragua 21 dic., 1916; d. Mexico City 31 july, 2007)